日本に関する最◯端 - Statistics

General Stats
  • This quiz has been taken 304 times
  • The average score is 2 of 15
Answer Stats
方角 答え ヒント % Correct
南鳥島 島の名前
96%
若林区 仙台市最南の区
18%
西 西蒲区 新潟市最西の区
17%
西 王滝村 長野県最西の自治体
15%
岩美町 鳥取県最北の自治体
11%
西 トゥイシ 岩礁の名前
7%
カモイワッカ岬 岬の名前
7%
東小島 島の名前
6%
ノックス環礁 1919/6/28〜 環礁の名前
0%
鵞小門岬 〜1875/5/7 岬の名前 ロシア語名はエリザベス岬
0%
鵝鑾鼻 1895/4/17〜 台湾本島最南端
0%
横当島 〜1953/12/25 奄美群島返還前の最南端の島
0%
北東 相泊橋 公道の日本最北東端といわれる橋
0%
北西 棹崎公園 本土から距離があり、一般的な交通手段で国内より到達可能な場所の公園
0%
クレ崎 潮岬からさらに南へと崖を下ったところにある本州最南端の岩礁
0%
No matching quizzes found
Score Distribution
Percent of People with Each Score
Percentile by Number Answered
Your Score History
You have not taken this quiz